00665nam a22001697a 450000500170000001000130001702000260003003500120005603700160006808200110008410000420009524501190013724601060025626000530036227000590041530000210047420220831124425.0 aUR-11692 a9789391238742c150.00 aU-10247 bDBAD/PUBa- a808.88 aعبدالحی پیا م انصاری aکسوٹی :bدبستان گورکھ پور کی پیشکش /cعبدالحی پیا م انصاریhا ر د و aKasauti : Dabistan-e-Gorakhpur ki Peshkash (collection of Urdu Articles) /bby Abdul Hai Payam Ansari aNew DelhibEducational Publishing Housec2021 ء aH.O. D1/16, Ansari Road, Darya GanjbNew Delhie110002 a240 صc23cm(Hb)